000 00566nam a2200181Ia 4500
003 OSt
005 20240417142117.0
008 210210b1931 xxu||||| |||| 00| 0 eng d
040 _cAL
041 _aKannada
082 _a852/408
100 _aMASTI VENKATESHA AIYANGAR ಮಾಸ್ತಿ ವೆಂಕಟೇಶ ಅಯ್ಯಂಗಾರ್
_987632
245 _aKannadada seve: ondu bhashana
_bಕನ್ನಡ ಸೇವೆ : ಒಂದು ಭಾಷಣ
260 _aBangaluru
_b-
_c1931
690 _aKannada Prose
_987633
906 _a018976
942 _2ddc
_cBK
999 _c143002
_d143002